|
|
|
|
| LEADER |
00000nas a2200000 a 4500 |
| 001 |
ssj0000706408 |
| 003 |
WaSeSS |
| 005 |
20200512172242.0 |
| 006 |
m d |
| 007 |
cr n |
| 008 |
040913c20029999pe ar s 0 b0spa d |
| 010 |
|
|
|a 2008208302
|
| 022 |
|
|
|l 1994-5272
|y 1994-5272
|
| 035 |
|
|
|a (WaSeSS)ssj0000706408
|
| 040 |
|
|
|a IND
|b eng
|c IND
|d OCLCQ
|d CUS
|d DLC
|d HLS
|d OCLCF
|d OCLCO
|d OCL
|d OCLCQ
|d U3G
|d WaSeSS
|
| 042 |
|
|
|a lccopycat
|
| 043 |
|
|
|a cl-----
|
| 050 |
0 |
0 |
|a JL968
|b .E422
|
| 130 |
0 |
|
|a Elecciones (Lima, Peru)
|
| 210 |
1 |
|
|a Elecciones
|
| 222 |
|
0 |
|a Elecciones
|
| 245 |
1 |
0 |
|a Elecciones
|h [electronic resource].
|
| 260 |
|
|
|a Lima :
|b Centro de Investigación Electoral de ONPE,
|c 2002-
|
| 310 |
|
|
|a Annual
|
| 362 |
0 |
|
|a Año 1, no. 1 (nov. 2002)-
|
| 506 |
|
|
|a License restrictions may limit access.
|
| 588 |
|
|
|a Latest issue consulted: Vol. 9, no. 10 (enero/dic. 2010).
|
| 650 |
|
0 |
|a Elections
|z Latin America
|v Periodicals.
|
| 650 |
|
0 |
|a Election law
|v Periodicals.
|
| 650 |
|
7 |
|a Election law.
|2 fast
|0 (OCoLC)fst00904300
|
| 650 |
|
7 |
|a Elections.
|2 fast
|0 (OCoLC)fst00904324
|
| 650 |
|
7 |
|a Politics and government
|2 fast
|0 (OCoLC)fst01919741
|
| 651 |
|
0 |
|a Latin America
|x Politics and government
|v Periodicals.
|
| 651 |
|
7 |
|a Latin America.
|2 fast
|0 (OCoLC)fst01245945
|
| 655 |
|
0 |
|a Electronic journals.
|
| 710 |
1 |
|
|a Peru.
|b Oficina Nacional de Procesos Electorales.
|
| 850 |
|
|
|a DLC
|
| 856 |
4 |
0 |
|z Full text available from Research Library: 01/01/2011 to present
|u https://search.proquest.com/publication/1466336
|